Представление документа в формате RUSMARC

ПолеНазваниеЗначение
  Тип записи a
  Библиографический уровень m
001 Контрольный номер 5e79d869c6884776ae29a381f1d67ca1
005 Дата корректировки 20140707112402.8
200 Заглавие и сведения об ответственности 1_
a Заглавие Применение стандартов в разработке прикладных программ в экономике
e Сведения, относящиеся к заглавию Лекции
f Первые сведения об ответственности Михаил Бухаров;Центросоюз РФ. Моск.ун-т потреб.кооп.Каф.информ.систем в экономике
210 Выходные данные 1_
a Место издания М.
c Издательство [Маркетинг]
d Дата издания 2002
215 Физическое описание __
a Объем 27 с.
610 Ключевые слова 0_
a Ключевые слова прикладные программы в экономике
610 Ключевые слова 0_
a Ключевые слова стандарты
610 Ключевые слова 0_
a Ключевые слова лекции
610 Ключевые слова 0_
a Ключевые слова каф. информ. систем в экономике
610 Ключевые слова 0_
a Ключевые слова информационные технологии
610 Ключевые слова 0_
a Ключевые слова экономика
686 Индексы других классификаций __
a Классификационный индекс 32.973.2я73
2 Код системы rubbk
700 Автор _1
a Фамилия Бухаров, Михаил Николаевич
801 Источник записи _0
a Страна RU
b Организация РУК
c Дата составления 20041105
g Правила каталогизации PSBO
801 Источник записи _1
a Страна RU
b Организация РУК
c Дата составления 20041105
g Правила каталогизации PSBO
852 Данные о местонахождении __
i Авторский знак Б94
j Шифр хранения ББК 32
901 Тип документа __
t Тип документа m
912 Принадлежность преподавателя к РУК __
a Принадлежность преподавателя к РУК Преподаватель Головного вуза
938 Служебная информация __
a Название организации Головной вуз
b Имя БД BOOK
c Название АИБС АИБС ИРБИС